000
00254nam a2200109Ia 4500
008
220204s9999 xx 000 0 und d
082
_a
82-3
_b
INN
100
_a
Innes, Hammond
245
0
_a
North star
260
_a
New York
_b
Ballantine
_c
1977
942
_c
BK
999
_c
30971
_d
30971